The wild edge : the life and lore of the great Atlantic beaches /

Bibliographic Details
Main Author: Kopper, Philip
Format: Book
Language:English
Published: New York : Times Books, [1979]
Subjects:

MARC

Tag First Indicator Second Indicator Subfields
LEADER 00000pam a2200000 i 4500
001 in00000082643
005 20151008053057.0
008 790302s1979 nyua 00110 eng
010 |a  78020684  
020 |a 081290818X 
035 |a (OCoLC)04835359 
035 |9 AAH6116AM 
040 |a DLC  |c DLC  |d TXA  |d UtOrBLW 
043 |a n-us---  |a l------ 
049 |a TXAM  |c [1160044] 
050 0 0 |a QH92.2  |b .K66 1979 
082 0 |a 500.914/6 
100 1 |a Kopper, Philip. 
245 1 4 |a The wild edge :  |b the life and lore of the great Atlantic beaches /  |c Philip Kopper ; illustrated by Anne E. Lacy. 
264 1 |a New York :  |b Times Books,  |c [1979] 
264 4 |c ©1979 
300 |a viii, 280 pages :  |b illustrations ;  |c 24 cm. 
336 |a text  |b txt  |2 rdacontent 
337 |a unmediated  |b n  |2 rdamedia 
338 |a volume  |b nc  |2 rdacarrier 
500 |a Includes index. 
650 0 |a Seashore biology  |z Atlantic Coast (U.S.) 
650 0 |a Beaches  |z Atlantic Coast (U.S.) 
651 0 |a Atlantic Coast (U.S.)  |x Description and travel. 
999 |a MARS 
999 f f |s 4aba05f0-329d-3692-a0b8-aefbef8696cb  |i ec52594e-e7d1-388d-a784-bdaa99fce34f  |t 0 
952 f f |p ric  |a Texas A&M University  |b Rellis Campus  |c Joint Library Facility  |d Remote Storage  |t 0  |e QH92.2 .K66 1979  |h Library of Congress classification  |i unmediated -- volume  |m A14804826714 
998 f f |a QH92.2 .K66 1979  |t 0  |l Remote Storage